LEADER 01553nam0 22003373i 450 001 SUN0092917 005 20130404121801.693 010 $a22-510-1022-X 100 $a20130305d1992 |0frec50 ba 101 $afre$aLAT 102 $aFR 105 $a|||| ||||| 200 1 $aPoésies$fCatulle$gtexte établi et traduit par Georges Lafaye 205 $a12. tirage revu et corrigé par S. Viarre 210 $aParis$cLes belles lettres$d1992 215 $aXXXVIII, 132 p. (1-100 doppie)$d20 cm. - Testo orig. a fronte. 410 1$1001SUN0092858$12001 $aCollection des universités de France. Série latine. - Paris$eLes belles lettres. - I volumi precedenti al 1991 vanno legati alla collezione principale. 620 $dParis$3SUNL000046 700 1$aCatullus$b, Gaius V.$3SUNV041015$0727858 702 1$aLafaye$b, Georges$3SUNV074759 712 $aLes belles lettres$3SUNV001952$4650 790 1$aCatullus, Gaius Valerius$zCatullus, Gaius V.$3SUNV056017 790 0$aCatullo$zCatullus, Gaius V.$3SUNV066443 790 1$aCatullo, Caio Valerio$zCatullus, Gaius V.$3SUNV066444 790 1$aCatullo, Gaio Valerio$zCatullus, Gaius V.$3SUNV066445 801 $aIT$bSOL$c20181109$gRICA 912 $aSUN0092917 950 $aUFFICIO DI BIBLIOTECA DEL DIPARTIMENTO DI GIURISPRUDENZA$d00 CONS XVIII.R.23 $e00 2414 995 $aUFFICIO DI BIBLIOTECA DEL DIPARTIMENTO DI GIURISPRUDENZA$h2414$kCONS XVIII.R.23$oc$qa 996 $aPoésies$91409167 997 $aUNICAMPANIA